000 00552 a2200169 4500
020 _a076241698X
020 _a9780762416981
082 _a520
090 _c1288
_d1288
100 1 _aHawking, Stephen.
245 1 0 _aOn the shoulders of giants /
_cStephen Hawking.
260 _a[S.l.] :
_bRunning Press,
_c2002.
300 _a1280 p. ;
_c24 cm.
700 _aHawking, Stephen.
942 _aSNS
_cBK
_k520 HAW
999 _c29901
_d29901